02683cam a2200205 4500001000500000005001700005008003900022010001700061020001800078100002700096245005300123260003600176300002700212500002600239520111800265520094301383600006002326651006002386655003102446381720181127172041.0120302s2012 nyu 000 1 eng a 2012006335 a97800074907831 aMantel, Hilary,d1952-10aBring up the bodies :ba novel /cHilary Mantel. aLondon :bFourth Estate,c2012. axiii, 411 p. ;c19 cm. aSequel to: Wolf Hall. a"The sequel to Hilary Mantel's 2009 Man Booker Prize winner and New York Times bestseller, Wolf Hall delves into the heart of Tudor history with the downfall of Anne Boleyn Though he battled for seven years to marry her, Henry is disenchanted with Anne Boleyn. She has failed to give him a son and her sharp intelligence and audacious will alienate his old friends and the noble families of England. When the discarded Katherine dies in exile from the court, Anne stands starkly exposed, the focus of gossip and malice. At a word from Henry, Thomas Cromwell is ready to bring her down. Over three terrifying weeks, Anne is ensnared in a web of conspiracy, while the demure Jane Seymour stands waiting her turn for the poisoned wedding ring. But Anne and her powerful family will not yield without a ferocious struggle. Hilary Mantel's Bring Up the Bodies follows the dramatic trial of the queen and her suitors for adultery and treason. To defeat the Boleyns, Cromwell must ally with his natural enemies, the papist aristocracy. What price will he pay for Anne's head?"--cProvided by publisher. a"Though he battled for seven years to marry her, Henry is disenchanted with Anne Boleyn. She has failed to give him a son and her sharp intelligence and audacious will alienate his old friends and the noble families of England. When the discarded Katherine dies in exile from the court, Anne stands starkly exposed, the focus of gossip and malice. At a word from Henry, Thomas Cromwell is ready to bring her down. Over three terrifying weeks, Anne is ensnared in a web of conspiracy, while the demure Jane Seymour stands waiting her turn for the poisoned wedding ring. But Anne and her powerful family will not yield without a ferocious struggle. Hilary Mantel's Bring Up the Bodies follows the dramatic trial of the queen and her suitors for adultery and treason. To defeat the Boleyns, Cromwell must ally with his natural enemies, the papist aristocracy. What price will he pay for Anne's head?"--cProvided by publisher.10aCromwell, Thomas,cEarl of Essex,d1485?-1540vFiction. 0aGreat BritainxHistoryyHenry VIII, 1509-1547vFiction. 7aHistorical fiction.2gsafd